000 00603nam a2200229Ia 4500
003 OSt
005 20220918201933.0
006 a|||||r|||| 00| 0
007 ta
008 220917b |||||||| |||| 00| 0 eng d
024 _a97,588
037 _cTextual
040 _aARTS
_cARTS
_beng
041 _2eng
_aeng
082 _aV2:2501:N3, H6
100 _aDatta Bhupendra Kumar
_9101402
245 0 _aIndian revolution and the constructive programme
260 _c1946
650 _aHISTORY
942 _hV2:2501:N3, H6
_cTEXL
_2CC
999 _c221183
_d221183